六法の見出し - Statistics

General Stats
  • This quiz has been taken 12 times
  • The average score is 16 of 36
Answer Stats
法典 章/編 見出し % Correct
日本国憲法 第1章 天皇
82%
日本国憲法 第4章 国会
82%
日本国憲法 第5章 内閣
82%
民法 第1編 総則
82%
商法 第1編 総則
82%
民事訴訟法 第1編 総則
82%
刑法 第1編 総則
82%
刑事訴訟法 第1編 総則
82%
日本国憲法 第2章 戦争の放棄
73%
日本国憲法 第6章 司法
73%
日本国憲法 第9章 改正
64%
民法 第5編 相続
64%
日本国憲法 第8章 地方自治
55%
日本国憲法 第11章 補則
55%
日本国憲法 第10章 最高法規
45%
民法 第2編 物権
45%
民法 第3編 債権
45%
民法 第4編 親族
45%
商法 第3編 海商
45%
民事訴訟法 第3編 上訴
45%
刑事訴訟法 第2編 第一審
45%
刑事訴訟法 第3編 上訴
45%
日本国憲法 第3章 国民の権利及び義務
36%
日本国憲法 第7章 財政
36%
刑法 第2編
36%
商法 第2編 商行為
27%
民事訴訟法 第4編 再審
27%
刑事訴訟法 第4編 再審
27%
刑事訴訟法 第6編 略式手続
9%
民事訴訟法 第2編 第一審の訴訟手続
0%
民事訴訟法 第5編 手形訴訟及び小切手訴訟に関する特則
0%
民事訴訟法 第6編 少額訴訟に関する特則
0%
民事訴訟法 第7編 督促手続
0%
民事訴訟法 第8編 執行停止
0%
刑事訴訟法 第5編 非常上告
0%
刑事訴訟法 第7編 裁判の執行
0%
No matching quizzes found
Score Distribution
Percent of People with Each Score
Percentile by Number Answered
Your Score History
You have not taken this quiz